Miró escultor (Record no. 169147)

MARC details
000 -LEADER
campo de control de longitud fija 00826nam a22002175i 4500
001 - NÚMERO DE CONTROL
campo de control 169147
003 - IDENTIFICADOR DE NÚMERO DE CONTROL
campo de control ES-MaACL
005 - FECHA Y HORA DE LA ÚLTIMA TRANSACCIÓN
campo de control 20251216165939.0
008 - DATOS DE LONGITUD FIJA--INFORMACIÓN GENERAL
campo de control de longitud fija 080819s1980 sp |||| | spa d
080 ## - NÚMERO DE LA CLASIFICACIÓN DECIMAL UNIVERSAL
Número de la Clasificación Decimal Universal 73 Miró, Joan (083.824)
100 1# - ENTRADA PRINCIPAL--NOMBRE DE PERSONA
Nombre de persona Miró, Joan.
9 (RLIN) 81604
245 10 - MENCIÓN DEL TÍTULO
Título Miró escultor
Resto del título : del 28 [de] noviembre al 23 [de] diciembre de 1980, Sala de Exposiciones del Centro de Servicios de la Caja de Pensiones "la Caixa", Madrid.
260 ## - PUBLICACIÓN, DISTRIBUCIÓN, ETC.
Lugar de publicación, distribución, etc. [Barcelona] :
Nombre del editor, distribuidor, etc. la Caixa,
Fecha de publicación, distribución, etc. [1980]
300 ## - DESCRIPCIÓN FÍSICA
Extensión [78] p. :
Otras características físicas il. ;
Dimensiones 30 cm.
600 04 - PUNTO DE ACCESO ADICIONAL DE MATERIA--NOMBRE DE PERSONA
Nombre de persona Miró, Joan,
Fechas asociadas al nombre 1893-1983-
Subdivisión de forma Exposiciones
9 (RLIN) 81605
655 #7 - TERMINO DE INDIZACIÓN--GENERO/FORMA
Fuente del término tgfbne
9 (RLIN) 193628
Datos o término principal de género/forma Catálogos de exposiciones
710 2# - ENTRADA AGREGADA--NOMBRE DE ENTIDAD CORPORATIVA
Nombre de entidad corporativa o nombre de jurisdicción como elemento de entrada Caja de Pensiones para la Vejez y de Ahorros de Cataluña y Baleares.
9 (RLIN) 2328
852 4# - LOCALIZACIÓN
Ubicación ES-MaACL
Número de control de estantería L-29582
942 ## - ELEMENTOS DE ENTRADA SECUNDARIOS (KOHA)
Fuente del sistema de clasificación o colocación Clasificación decimal universal
Holdings
Estatus retirado Estado de pérdida Estado de daño No para préstamo Biblioteca de origen Biblioteca actual Ubicación en estantería Fecha de adquisición Fuente de adquisición Total de préstamos Signatura topográfica completa Código de barras Visto por última vez Precio de reemplazo Tipo de ítem Koha
        Biblioteca del Ateneo de Madrid Biblioteca del Ateneo de Madrid Depósito 2 19/08/2008     L-29582 1177590 23/02/2023 23/02/2023 Libro impreso